Constitución del Patronato de la Escuela Universitaria de Ingeniería Técnica Agrícola y especialidades agropecuarias
Publicado:
San Jorge, núm. 98 - 99 (desembre 1976), pàg 87 :
MARC
| LEADER | 00000nam a2200000Ia 4500 | ||
|---|---|---|---|
| 003 | BGR | ||
| 005 | 20260324175800.0 | ||
| 008 | 160829s9999 xx 000 0 cat d | ||
| 245 | |a Constitución del Patronato de la Escuela Universitaria de Ingeniería Técnica Agrícola y especialidades agropecuarias | ||
| 260 | |a San Jorge, núm. 98 - 99 (desembre 1976), pàg 87 | ||
| 650 | |a Patronat de l'Escola Universitària d'Enginyeria Tècnica Agrícola de Barcelona |9 41079 | ||
| 710 | 1 | |a Escola Universitària d’Enginyeria Tècnica Agrícola i d'Especialitats Agropecuàries de Barcelona |9 70816 | |
| 901 | |a Arxiu | ||
| 942 | |n 1 |2 udc |c MON | ||
| 952 | |0 0 |1 0 |4 0 |7 1 |9 50033 |a Arxiu |b Arxiu |d 2016-12-01 |l 0 |r 2016-12-01 00:00:00 |w 2016-12-01 |y ARXIU | ||
| 999 | |c 53875 |d 53875 | ||